LEADER 01272nam 2200349Ia 450 001 996386832603316 005 20221108033622.0 035 $a(CKB)4940000000081580 035 $a(EEBO)2240865472 035 $a(OCoLC)14515042 035 $a(EXLCZ)994940000000081580 100 $a19861024d1695 uy | 101 0 $aeng 135 $aurbn||||a|bb| 200 10$aSynopsis medicinæ, or, A compendium of the theory and practice of physick$b[electronic resource] $ein seven books : containing, I. The elements or principles of the art ... shewing the names, signs, causes ... all kinds of diseases ... /$fby William Salmon .. 205 $aThe third edition,$bwherein ... there are ... additions ... 210 $aLondon $cPrinted by J. Dawks ...$d1695 215 $a[34], 1064 p 300 $aReproduction of original in the Cambridge University Library. 330 $aeebo-0021 606 $aMedicine$vEarly works to 1800 615 0$aMedicine 700 $aSalmon$b William$f1644-1713.$0717514 801 0$bEAG 801 1$bEAG 801 2$bm/c 801 2$bUMI 801 2$bWaOLN 906 $aBOOK 912 $a996386832603316 996 $aSynopsis medicinæ, or, A compendium of the theory and practice of physick$92368074 997 $aUNISA